00253nam a2200097 a 4500001000500000005001700005008004100022050001800063100002200081245005200103414020140414131902.0090218s19uu xx 00 eng d aFICbG41 1993 aGiligan, Sahannon aChoose your own adventure. Bk. 127 :bshowdown.